QUEST Central Library Banner

Aquifer Test Analysis (Record no. 10464)

MARC details
000 -LEADER
fixed length control field 00220nam a2200109 4500
082 ## - DEWEY DECIMAL CLASSIFICATION NUMBER
Classification number SHA
100 ## - MAIN ENTRY--AUTHOR NAME
Personal name Shabbir
245 ## - TITLE STATEMENT
Title Aquifer Test Analysis
260 ## - PUBLICATION, DISTRIBUTION, ETC. (IMPRINT)
Place of publication Jamshoro:
Name of publisher MUET,
Year of publication 1988.
300 ## - PHYSICAL DESCRIPTION
Number of Pages 248p. ;
942 ## - ADDED ENTRY ELEMENTS (KOHA)
Koha item type Books
Holdings
Withdrawn status Lost status Home library Current library Date acquired Full call number Accession Number Koha item type
    Central Library, QUEST, Nawabshah Stacks area 29/09/2014 SHA 15140 Books

Copyright © 2018,The QUEST, Nawabshah, Shaheed Benazirabad. All rights reserved
Mr. G. Farooq Channar (Librarian) QUEST, Nawabshah, Sindh, Pakistan 67480.
 Ph#: |   0244-9370381-4 Ext. 2308   Email| lib@quest.edu.pk   Web|  http://www.quest.edu.pk